1000 câu hát đưa em ở Long An
Nội dung giới thiệu những câu hát ru như ca ngợi quê hương và tình yêu nam nữ, than thân trách phận, tình nghĩa vợ chồng...
保存先:
| フォーマット: | 図書 |
|---|---|
| 言語: | Undetermined |
| 出版事項: |
Hà Nội
Đại học Quốc gia Hà Nội
2010
|
| 主題: | |
| タグ: |
タグ追加
タグなし, このレコードへの初めてのタグを付けませんか!
|
| Thư viện lưu trữ: | Trung tâm Học liệu Trường Đại học Cần Thơ |
|---|
| LEADER | 00724nam a2200181Ia 4500 | ||
|---|---|---|---|
| 001 | CTU_164059 | ||
| 008 | 210402s9999 xx 000 0 und d | ||
| 082 | |a 398.8597 | ||
| 082 | |b M458 | ||
| 245 | 0 | |a 1000 câu hát đưa em ở Long An | |
| 245 | 0 | |c Trịnh Hùng ( sưu tầm ) | |
| 260 | |a Hà Nội | ||
| 260 | |b Đại học Quốc gia Hà Nội | ||
| 260 | |c 2010 | ||
| 520 | |a Nội dung giới thiệu những câu hát ru như ca ngợi quê hương và tình yêu nam nữ, than thân trách phận, tình nghĩa vợ chồng... | ||
| 650 | |a Folk-song, Vietnamese,Ca dao Việt Nam | ||
| 904 | |i Qhieu | ||
| 980 | |a Trung tâm Học liệu Trường Đại học Cần Thơ | ||